The twins stories: participant coding in yagua narrative

Guardat en:
Dades bibliogràfiques
Autor principal: Payne, Thomas Edward (Autor)
Format: Llibre
Idioma:anglès
Publicat: Berkeley University of California 1993
Col·lecció:University of California Publications in Linguistics, 120
Matèries:
Etiquetes: Afegir etiqueta
Sense etiquetes, Sigues el primer a etiquetar aquest registre!

MARC

LEADER 00000nam a2200000 a 4500
001 UCX6155
003 CL-VaPUC
008 930426e19930000US |||||||||||||||||eng|d
082 0 4 |a 498.4  |b PAY  |2 21 
100 0 |a Payne, Thomas Edward  |e author  |9 322569 
245 1 4 |a The twins stories: participant coding in yagua narrative 
300 |a 222 p 
942 |c BK 
945 |d 19930426 00:00:00 
260 |a Berkeley  |b University of California  |c 1993 
650 0 |a Lengua yagua  |x Gramática   |9 322570 
650 0 |a Pueblo yagua  |x Folklore  |9 322571 
583 |a last modification  |c 19930426 00:00:00  |k Rodrigo Vera 
490 0 |a University of California Publications in Linguistics, 120 
999 |c 226229  |d 226227 
952 |0 0  |1 0  |4 0  |6 498_400000000000000_PAY_1993  |7 0  |8 A  |9 224447  |a FDOPOS  |b FDOPOS  |d 2019-11-15  |i 2932024  |o 498.4 PAY 1993  |p 2932024  |r 2025-01-22  |w 2019-11-15  |y BK  |k MLA